| 000 | 00965nam a22002537a 4500 | ||
|---|---|---|---|
| 003 | DO-SdBNP | ||
| 005 | 20220404124956.0 | ||
| 008 | 210915b2016 dr ||||| 0 spa d | ||
| 020 | _a9789945903324 | ||
| 040 |
_aBPMSU _bSpa _cBPMSU |
||
| 082 |
_a618.92 _bM917o 2016 _222 |
||
| 100 | 1 |
_aMota García, Marcos de _d1961 - |
|
| 245 | 1 | 0 |
_aOrientación pediátrica : _bvisión médica, social y gremial / _cMarcos de Mota García ;prólogo Francisco Oscar Espino Torres. |
| 260 |
_aSanto Domingo : _bEditorial Opus , _c2016 |
||
| 300 |
_a524 p. ; _c23 cm. |
||
| 500 |
_aIncluye datos biográficos del autor en la solapa de la cubierta _5Incluye referencias bibliográficas y notas al pie de las páginas |
||
| 590 | _6Inventariado, 2021/VM | ||
| 650 | 4 | _aPediatría. | |
| 650 | 4 |
_aNiños _xCuidado e higiene _vPediatría _b |
|
| 650 | 4 | _aEnfermedades infantiles | |
| 700 | 1 |
_aEspino Torres, Francisco Oscar, _epról. |
|
| 910 | _aMCabrera / VMateo V | ||
| 942 |
_2ddc _cBK |
||
| 999 |
_c13731 _d13731 |
||